000 00524nam a2200169Ii 4500
003 JO-AjNU
008 230605s9999||||xx |||||||||||||| ||und||
040 _aJO-AjNU
_bara
_erda
_cJO-AjNU
041 _aara
050 1 4 _aDS154.3
245 0 0 _aالجيش العربي يحى الملك
264 3 1 _aد.م: د.ن
336 _atext
_btxt
_2rdacontent
337 _aunmediated
_bn
_2rdamedia
338 _avolume
_bnc
_2rdacarrier
650 4 _aالجيش العربي -تارخ-الاردن خطابات-قرارات
_950120
999 _aA22057
_c25625
_d25625